Xuân thu chiến quốc
Сохранить в:
| Формат: | |
|---|---|
| Язык: | Undetermined |
| Опубликовано: |
Thành phố Hồ Chí Minh
Văn nghệ
2010
|
| Предметы: | |
| Метки: |
Добавить метку
Нет меток, Требуется 1-ая метка записи!
|
| Thư viện lưu trữ: | Trung tâm Học liệu Trường Đại học Cần Thơ |
|---|
| LEADER | 00583nam a2200181Ia 4500 | ||
|---|---|---|---|
| 001 | CTU_161061 | ||
| 008 | 210402s9999 xx 000 0 und d | ||
| 020 | |c 105000 | ||
| 082 | |a 895.13081 | ||
| 082 | |b X502 | ||
| 245 | 0 | |a Xuân thu chiến quốc | |
| 245 | 0 | |c Bản dịch và lời bình: Mộng Bình Sơn | |
| 260 | |a Thành phố Hồ Chí Minh | ||
| 260 | |b Văn nghệ | ||
| 260 | |c 2010 | ||
| 650 | |a Historical fiction,chinese,Truyện lịch sử Trung Quốc | ||
| 910 | |a Nguyên | ||
| 980 | |a Trung tâm Học liệu Trường Đại học Cần Thơ | ||